000
00253 a2200109 4500
245
_a
Communications
100
_a
Congrès François de Médecine
260
_c
1953
300
_a
VIII-169 p.
999
_c
17508
_d
17508